000 00458nam a2200133 4500
008 708 D811n
020 _a9789872923457
082 _b708
_2D811n
100 _aD`Angiolillo, Julián
_96195
245 _aEl nuevo municipio: Informe Antrópolis
260 _aBuenos Aires
_bBig Sur
_bTecnópolis
_bEl nuevo Municipio
_c2011
300 _a97 p.
_bill (col)
_c23 x 17 cm.
650 _xexhibiciones
_xArgentina
_xTransformación del espacio
_xexhibiciones al aire libre
_96196
999 _c1405
_d1405